Central Library OPAC University of Rajshahi
Normal view MARC view

Entry Topical Term

Number of records used in: 2

001 - CONTROL NUMBER

  • control field: 4932

003 - CONTROL NUMBER IDENTIFIER

  • control field: BD-RjUL

005 - DATE AND TIME OF LATEST TRANSACTION

  • control field: 20220920171008.0

008 - FIXED-LENGTH DATA ELEMENTS

  • fixed length control field: 220920|| aca||aabn | a|a d

040 ## - CATALOGING SOURCE

  • Original cataloging agency: BD-RjUL
  • Transcribing agency: BD-RjUL

150 ## - HEADING--TOPICAL TERM

  • Topical term or geographic name entry element: Isotopes

670 ## - SOURCE DATA FOUND

  • Source citation: Work cat.: (BD-RjUL)80408: Uddin, Md. Shuza 4931, Study of the cross sections of fast neutron induced (n,2n),(n,p,) and (n, a) reactions on the isotopes of zinc, Germaninum, scandium and zirconium /, 2001